| 000 | 00419nam a22001457a 4500 | ||
|---|---|---|---|
| 082 |
_a512 _bTHO _cL-1, P-3 |
||
| 100 |
_aThompson, J.E _939125 |
||
| 245 |
_aAlgebra for the practical man _cJ.E. Thompson |
||
| 250 | _a2nd ed. | ||
| 260 |
_aNew York _bD.Van Nostrand Company, Inc _cc 1946. |
||
| 300 |
_axx, 300 p. : _bill. ; _c20 cm |
||
| 526 |
_a0 _b0 _c0 _d512_000000000000000_THO |
||
| 650 |
_aMCE _9379 |
||
| 942 |
_2ddc _cBK |
||
| 999 |
_c543670 _d543670 |
||